| 000 | 00643nam a2200145Ia 4500 | ||
|---|---|---|---|
| 008 | 171212s9999 xx 000 0 und d | ||
| 020 | _a9780874215571 | ||
| 100 | _aHatch, Charles | ||
| 245 |
_cHatch, Charles _aWidow's Tale, A _b1884-1896 Diary of Helen Mar Kimball Whitney |
||
| 260 |
_bUniversity Press of Colorado _c2003 |
||
| 440 | _aLife Writings of Frontier Women | ||
| 650 | _aHistory | ||
| 650 | _aWhitney, Helen Mar, 1828–1896 -- Diaries; Mormon women -- Diaries; Church of Jesus Christ of Latter-Day Saints -- History -- 19th century; Mormon Church -- History -- 19th century | ||
| 856 | _uwww.jstor.org/stable/10.2307/j.ctt46nxkr | ||
| 999 |
_c353199 _d353199 |
||